LEADER 00804cam0-2200301---450- 001 990004803440403321 005 20160907103320.0 035 $a000480344 035 $aFED01000480344 035 $a(Aleph)000480344FED01 035 $a000480344 100 $a19990604d1916----km-y0itay50------ba 101 0 $aita 102 $aIT 105 $a-f------001cy 200 1 $a<>mio Carso$fScipio Slataper 205 $a2. ed. 210 $aFirenze$cLibreria della Voce$d1916 215 $a124 p., [1] tav.$d19 cm 676 $a858.91203$v22$zita 700 1$aSlataper,$bScipio$f<1888-1915>$0158726 801 0$aIT$bUNINA$gRICA$2UNIMARC 901 $aBK 912 $a990004803440403321 952 $a858.912 SLA 1$bBibl.10551$fFLFBC 959 $aFLFBC 996 $aMio Carso$999307 997 $aUNINA LEADER 01258nam 2200361 n 450 001 996387394503316 005 20221108042118.0 035 $a(CKB)1000000000633718 035 $a(EEBO)2248541234 035 $a(UnM)9958749400971 035 $a(EXLCZ)991000000000633718 100 $a19980507d1650 uy 101 0 $aeng 135 $aurbn||||a|bb| 200 10$aLoves mistresse or Natures rarity$b[electronic resource] $eTo a most excellent delicious new tune, called, Tell me you wandring spirits in the aire 210 $aLondon $cprinted for Francis Grove on Snow-hill.$d[1650?] 215 $a1 sheet ([1] p.) $cill (woodcuts) 300 $aSigned: S.S. 300 $aDate of publication suggested by Wing. 300 $aVerse: "Tell me you wandering spirits in the aire ..." 300 $aIn two parts, printed side by side. 300 $aImperfect: mutilated, affecting text 300 $aReproduction of original in the British Library. 330 $aeebo-0018 606 $aLove$vPoetry$vEarly works to 1800 615 0$aLove 700 $aS$b S$01005771 801 0$bCu-RivES 801 1$bCu-RivES 906 $aBOOK 912 $a996387394503316 996 $aLoves mistresse or Natures rarity$92416411 997 $aUNISA